01777nam a2200421Ia 4500001001200000003000800012006001900020007001500039008004100054010001700095020002500112020002200137020002600159020002300185040002100208035002100229050002300250100001700273245012400290246005400414260006300468300005200531504006400583533015200647650002700799650004800826650005300874650005200927650003700979650002001016650004001036651006401076651002601140655002901166710001701195856012601212999001701338ebr10290423CaPaEBRm u cr cn|||||||||071221s2008 abcabc sb 001 0deng d z 2008472771 z9781897425046 (pbk.) z189742504X (pbk.) z9781897425008 (bound) z1897425007 (bound) aCaPaEBRcCaPaEBR a(OCoLC)43741682214aSK297b.B75 2008eb1 aBrink, Jack.10aImagining Head-Smashed-Inh[electronic resource] :bAboriginal buffalo hunting on the northern Plains /cJack W. Brink.30aAboriginal buffalo hunting on the northern Plains aEdmonton, Alta. :bAU Press, Athabaska University,cc2008. axviii, 342 p. :bill. (some col.), maps, ports. aIncludes bibliographical references (p. 326-334) and index. aElectronic reproduction.bPalo Alto, Calif. :cebrary,d2009.nAvailable via World Wide Web.nAccess may be limited to ebrary affiliated libraries. 0aBuffalo jumpzAlberta. 0aIndians of North AmericaxHuntingzAlberta. 0aIndians of North AmericaxHuntingzGreat Plains. 0aIndians of North AmericazAlbertaxAntiquities. 0aAmerican bison huntingxHistory. 0aAmerican bison. 0aExcavations (Archaeology)zAlberta. 0aHead-Smashed-In Buffalo Jump National Historic Site (Alta.) 0aAlbertaxAntiquities. 7aElectronic books.2local2 aebrary, Inc.40uhttp://site.ebrary.com/lib/rucke/Doc?id=10290423zAn electronic book accessible through the World Wide Web; click to view c74466d74466